000 01017nam a2200289 4500
001 0000015863
003 CO-CtgCURN
005 20250512215136.0
007 ta
008 160627s2014 000 0 eng d
020 _a9789587630916
040 _aCO-CtgCURN
_bspa
_ccoctgcurn
082 0 _a598.07234
_bC331
100 1 _aCarvajal Franklin, Juan.
245 1 0 _aToches & Co./
_cLibro compuesto por Juan Carvajal Franklin y adornado con fotografias de pajaros, por Pedro Alexander Parada ... [et al.].
260 _aBogotá :
_bCorporación Universitaria Minuto de Dios,
_c2014.
300 _a158 p.
336 _2rdacontent
337 _2rdamedia
_asin mediacion
_bn
338 _2rdacarrier
_avolumen
_bnc
504 _aIncluye bibliografia p. (158)
650 1 4 _aAves
_vInvestigaciones
_zCucuta (Colombia)
700 1 _aParada, Pedro Alexander,
_eFotografo.
908 _a160627
942 _cBK
_h598.07234
_iC331
_2ddc
_n0
999 _c21274
_d21274